CASES IN OPERATIONS MANAGEMENT (Record no. 15155)

MARC details
000 -LEADER
fixed length control field 00357nam a2200133Ia 4500
008 - FIXED-LENGTH DATA ELEMENTS--GENERAL INFORMATION
fixed length control field 240624s9999 xx 000 0 und d
041 ## - LANGUAGE CODE
Language code of text/sound track or separate title eng
082 ## - DEWEY DECIMAL CLASSIFICATION NUMBER
Classification number 658.5 KRI
100 ## - MAIN ENTRY--PERSONAL NAME
Personal name KRISHNASWAMY K N
245 ## - TITLE STATEMENT
Title CASES IN OPERATIONS MANAGEMENT
260 ## - PUBLICATION, DISTRIBUTION, ETC.
Date of publication, distribution, etc. 2008
Place of publication, distribution, etc. New Delhi
Name of publisher, distributor, etc. Prentice-Hall of India
300 ## - PHYSICAL DESCRIPTION
Extent viii, : 391 : p. : cm. ; 23
365 ## - TRADE PRICE
Currency code RS
Price amount 30
Holdings
Withdrawn status Lost status Damaged status Not for loan Home library Current library Shelving location Date acquired Source of acquisition Cost, normal purchase price Full call number Barcode Date last seen Copy number Price effective from Koha item type
        IMTN IMTN Rack 34-A 05/18/2010 BWE 295.00 658.5 KRI 15155 06/24/2024 1 06/24/2024 Books
Designed & Maintained by: LRC IMT Nagpur Contact: lrc@imtnag.ac.in© 2024. All Rights Reserved.